Statistics for Alle verdens lande flag

Click here to take the quiz!

General Stats

  • This quiz has been taken 489 times
  • The average score is 58 of 196

Answer Stats

Answer% Correct
USA
99%
Canada
83%
Storbritannien
80%
Frankrig
79%
Italien
79%
Rusland
79%
Australien
78%
Danmark
78%
Japan
78%
Finland
74%
Norge
74%
Sverige
74%
Grækenland
73%
Holland
73%
Irland
73%
Island
73%
Brasilien
72%
Kina
72%
New Zealand
72%
Sydkorea
72%
Spanien
65%
Tyrkiet
64%
Tyskland
64%
Belgien
63%
Israel
62%
Argentina
58%
Sydafrika
58%
Albanien
57%
Cypern
57%
Indien
57%
Polen
57%
Schweiz
57%
Mexico
52%
Ungarn
52%
Georgien
51%
Kroatien
50%
Nepal
49%
Portugal
49%
Bulgarien
48%
Malta
48%
Jamaica
47%
Kenya
46%
Ukraine
45%
Saudi Arabien
43%
Egypten
42%
Østrig
42%
Bangladesh
40%
Elfenbenskysten
40%
Kosovo
40%
Nordkorea
40%
San Marino
40%
Slovakiet
40%
Tjekkiet
39%
Vietnam
39%
Estland
38%
Bosnien-Hercegovina
37%
Libanon
37%
Nordmakedonien
37%
Slovenien
37%
Vatikanstaten
37%
Irak
36%
Luxembourg
36%
Pakistan
34%
Qatar
33%
Serbien
33%
Thailand
32%
Uruguay
31%
Algeriet
30%
Chile
30%
Venezuela
30%
Indonesien
29%
Iran
29%
Palau
29%
Peru
29%
Cuba
28%
Madagaskar
28%
Tunesien
28%
Bhutan
27%
Columbia
27%
Malaysia
26%
Monaco
26%
Syrien
26%
Letland
25%
Singapore
25%
Gabon
24%
Niger
24%
Somalia
24%
Hviderusland
23%
Panama
23%
Cameroon
22%
Jordan
22%
Kasakhstan
22%
Senegal
22%
Tanzania
22%
Angola
21%
Burkina Faso
21%
Costa Rica
21%
Filippinerne
21%
Ghana
21%
Tonga
21%
Uganda
21%
Afghanistan
20%
Cambodia
20%
Etiopien
20%
Litauen
20%
Myanmar
20%
Nigeria
20%
Bahrain
19%
Kuwait
19%
Moldova
19%
Oman
19%
Sri Lanka
19%
Taiwan
19%
Andorra
18%
Laos
18%
Barbados
17%
Maldiverne
17%
Mozambique
17%
Seychellerne
17%
Sydsudan
17%
Yemen
17%
Armenien
16%
Brunei
16%
Den Dominikanske Republik
16%
Honduras
16%
Malawi
16%
Mongoliet
16%
Montenegro
16%
Rwanda
16%
Sudan
16%
Zimbabwe
16%
Belize
15%
Ecuador
15%
Forenede Arabiske Emirater
15%
Haiti
15%
Libyen
15%
Liechtenstein
15%
Mali
15%
Namibia
15%
Papua Ny Guinea
15%
Paraguay
15%
Togo
15%
Trinidad & Tobago
15%
Turkmenistan
15%
Usbekistan
15%
Aserbajdsjan
14%
Bahamas
14%
Benin
14%
Botswana
14%
El Salvador
14%
Eritrea
14%
Fiji
14%
Kap Verde
14%
Kiribati
14%
Mikronesien
14%
Morokko
14%
Romanien
14%
Zambia
14%
Bolivia
13%
Grenada
13%
Liberia
13%
Mauritanien
13%
Øst Timor
13%
Surinam
13%
Marshalløerne
12%
Sierra Leone
12%
Burundi
11%
Eswatini
11%
Guyana
11%
Lesotho
11%
Comorerne
10%
Guinea
10%
Mauritius
10%
Nicaragua
10%
Republikken Congo
10%
Sao Tome & Principe
10%
St. Kitts & Nevis
10%
Tchad
10%
Ækvatorial Guinea
9%
Antigua og Barbuda
9%
Djibouti
9%
D.R. Congo
9%
Gambia
9%
Nauru
9%
Samoa
9%
St. Lucia
9%
St. Vincent & Grenadinerne
9%
Vanuatu
8%
Den Centralafrikanske Republik
7%
Dominica
7%
Guatemala
7%
Guinea-Bissau
7%
Tuvalu
7%
Kirgisistan
5%
Salomonøerne
4%
Tadsjikistan
4%

Score Distribution

Percentile by Number Answered

Percent of People with Each Score

Your Score History

You have not taken this quiz